Statistiques concernant Les 807 Pokémon en français ! (Niveau HYPER)

Cliquez ici pour prendre le quiz!

Statistiques générales

  • Ce quiz a été pris 1 655 fois
  • Le résultat moyen est 514 sur 807

Statistiques - réponses

Nom% Correct
#001Bulbizarre
96%
#003Florizarre
95%
#002Herbizarre
95%
#004Salamèche
95%
#007Carapuce
94%
#006Dracaufeu
94%
#005Reptincel
94%
#009Tortank
94%
#008Carabaffe
93%
#025Pikachu
91%
#010Chenipan
90%
#026Raichu
90%
#013Aspicot
89%
#014Coconfort
89%
#015Dardargnan
89%
#151Mew
89%
#150Mewtwo
89%
#012Papilusion
89%
#016Roucool
89%
#017Roucoups
89%
#011Chrysacier
88%
#148Draco
88%
#133Évoli
88%
#018Roucarnage
88%
#134Aquali
87%
#149Dracolosse
87%
#147Minidraco
87%
#136Pyroli
87%
#146Sulfura
87%
#144Artikodin
86%
#173Mélo
86%
#021Piafabec
86%
#172Pichu
86%
#022Rapasdepic
86%
#135Voltali
86%
#094Ectoplasma
85%
#129Magicarpe
85%
#035Mélofée
85%
#074Racaillou
85%
#023Abo
84%
#024Arbok
84%
#145Électhor
84%
#038Feunard
84%
#037Goupix
84%
#040Grodoudou
84%
#076Grolem
84%
#130Léviator
84%
#036Mélodelfe
84%
#034Nidoking
84%
#031Nidoqueen
84%
#029 | #032Nidoran
84%
#197Noctali
84%
#019Rattata
84%
#020Rattatac
84%
#039Rondoudou
84%
#092Fantominus
83%
#075Gravalanch
83%
#158Kaiminus
83%
#126Magmar
83%
#196Mentali
83%
#052Miaouss
83%
#030Nidorina
83%
#033Nidorino
83%
#095Onix
83%
#255Poussifeu
83%
#093Spectrum
83%
#063Abra
82%
#065Alakazam
82%
#066Machoc
82%
#067Machopeur
82%
#068Mackogneur
82%
#053Persian
82%
#143Ronflex
82%
#059Arcanin
81%
#058Caninos
81%
#125Élektek
81%
#258Gobou
81%
#064Kadabra
81%
#027Sabelette
81%
#393Tiplouf
81%
#160Aligatueur
80%
#252Arcko
80%
#070Boustiflor
80%
#257Braségali
80%
#069Chétiflor
80%
#256Galifeu
80%
#471Givrali
80%
#383Groudon
80%
#155Héricendre
80%
#249Lugia
80%
#081Magnéti
80%
#082Magnéton
80%
#042Nosferalto
80%
#041Nosferapti
80%
#390Ouisticram
80%
#028Sablaireau
80%
#109Smogo
80%
#387Tortipouss
80%
#071Empiflor
79%
#078Galopa
79%
#152Germignon
79%
#250Ho-Oh
79%
#123Insécateur
79%
#382Kyogre
79%
#113Leveinard
79%
#043Mystherbe
79%
#044Ortide
79%
#077Ponyta
79%
#384Rayquaza
79%
#110Smogogo
79%
#120Stari
79%
#121Staross
79%
#208Steelix
79%
#245Suicune
79%
#088Tadmorv
79%
#128Tauros
79%
#251Celebi
78%
#244Entei
78%
#089Grotadmorv
78%
#254Jungko
78%
#140Kabuto
78%
#141Kabutops
78%
#240Magby
78%
#700Nymphali
78%
#470Phyllali
78%
#395Pingoléon
78%
#142Ptéra
78%
#060Ptitard
78%
#045Rafflésia
78%
#050Taupiqueur
78%
#157Typhlosion
78%
#483Dialga
77%
#239Élekid
77%
#260Laggron
77%
#131Lokhlass
77%
#154Méganium
77%
#484Palkia
77%
#118Poissirène
77%
#079Ramoloss
77%
#392Simiabraz
77%
#062Tartard
77%
#061Têtarte
77%
#389Torterra
77%
#051Triopikeur
77%
#055Akwakwak
76%
#139Amonistar
76%
#138Amonita
76%
#159Crocrodil
76%
#466Élekable
76%
#156Feurisson
76%
#080Flagadoss
76%
#259Flobio
76%
#385Jirachi
76%
#087Lamantine
76%
#253Massko
76%
#132Métamorph
76%
#169Nostenfer
76%
#086Otaria
76%
#119Poissoroy
76%
#394Prinplouf
76%
#054Psykokwak
76%
#243Raikou
76%
#111Rhinocorne
76%
#112Rhinoféros
76%
#100Voltorbe
76%
#101Électrode
75%
#115Kangourex
75%
#124Lippoutou
75%
#153Macronium
75%
#467Maganon
75%
#122M. Mime
75%
#107Tygnon
75%
#265Chenipotte
74%
#391Chimpenfeu
74%
#498Gruikui
74%
#048Mimitoss
74%
#137Porygon
74%
#199Roigada
74%
#114Saquedeneu
74%
#049Aéromite
73%
#658Amphinobi
73%
#493Arceus
73%
#388Boskara
73%
#085Dodrio
73%
#084Doduo
73%
#282Gardevoir
73%
#487Giratina
73%
#163Hoothoot
73%
#117Hypocéan
73%
#116Hypotrempe
73%
#106Kicklee
73%
#380Latias
73%
#381Latios
73%
#242Leuphorie
73%
#379Registeel
73%
#500Roitiflam
73%
#127Scarabrute
73%
#072Tentacool
73%
#073Tentacruel
73%
#175Togepi
73%
#174Toudoudou
73%
#248Tyranocif
73%
#495Vipélierre
73%
#212Cizayox
72%
#503Clamiral
72%
#491Darkrai
72%
#386Deoxys
72%
#398Étouraptor
72%
#396Étourmi
72%
#397Étourvol
72%
#499Grotichon
72%
#098Krabby
72%
#462Magnézone
72%
#501Moustillon
72%
#103Noadkoko
72%
#102Nœunœuf
72%
#104Osselait
72%
#378Regice
72%
#377Regirock
72%
#643Reshiram
72%
#280Tarsal
72%
#644Zekrom
72%
#083Canarticho
71%
#057Colossinge
71%
#091Crustabri
71%
#246Embrylex
71%
#108Excelangue
71%
#056Férosinge
71%
#446Goinfrex
71%
#656Grenousse
71%
#182Joliflor
71%
#281Kirlia
71%
#099Krabboss
71%
#312Négapi
71%
#164Noarfang
71%
#105Ossatueur
71%
#046Paras
71%
#047Parasect
71%
#311Posipi
71%
#486Regigigas
71%
#716Xerneas
71%
#717Yveltal
71%
#201Zarbi
71%
#266Armulys
70%
#268Blindalys
70%
#267Charmillon
70%
#482Créfadet
70%
#481Créfollet
70%
#480Créhelf
70%
#371Draby
70%
#373Drattak
70%
#725Flamiaou
70%
#161Fouinette
70%
#230Hyporoi
70%
#090Kokiyas
70%
#496Lianaja
70%
#448Lucario
70%
#497Majaspic
70%
#376Métalosse
70%
#233Porygon2
70%
#464Rhinastoc
70%
#185Simularbre
70%
#791Solgaleo
70%
#361Stalgamin
70%
#247Ymphect
70%
#722Brindibou
69%
#653Feunnec
69%
#097Hypnomade
69%
#180Lainergie
69%
#439Mime Jr.
69%
#362Oniglali
69%
#181Pharamp
69%
#474Porygon-Z
69%
#447Riolu
69%
#096Soporifik
69%
#468Togekiss
69%
#176Togetic
69%
#494Victini
69%
#263Zigzaton
69%
#445Carchacrok
68%
#229Démolosse
68%
#215Farfuret
68%
#200Feuforêve
68%
#162Fouinar
68%
#475Gallame
68%
#646Kyurem
68%
#330Libégon
68%
#264Linéon
68%
#238Lippouti
68%
#792Lunala
68%
#183Marill
68%
#502Mateloutre
68%
#728Otaquin
68%
#269Papinox
68%
#440Ptiravi
68%
#186Tarpaud
68%
#184Azumarill
67%
#349Barpau
67%
#279Bekipan
67%
#221Cochignon
67%
#241Écrémeuh
67%
#727Félinferno
67%
#513Flamajou
67%
#273Grainipiot
67%
#443Griknot
67%
#277Hélédelle
67%
#237Kapoera
67%
#328Kraknoix
67%
#429Magirêve
67%
#228Malosse
67%
#220Marcacrin
67%
#650Marisson
67%
#261Medhyèna
67%
#167Mimigal
67%
#270Nénupiot
67%
#276Nirondelle
67%
#274Pifeuil
67%
#355Skelénox
67%
#718Zygarde
67%
#227Airmure
66%
#465Bouldeneu
66%
#198Cornèbre
66%
#488Cresselia
66%
#461Dimoret
66%
#511Feuillajou
66%
#515Flotajou
66%
#304Galekid
66%
#278Goélise
66%
#262Grahyèna
66%
#485Heatran
66%
#403Lixy
66%
#272Ludicolo
66%
#404Luxio
66%
#405Luxray
66%
#490Manaphy
66%
#375Métang
66%
#168Migalos
66%
#477Noctunoir
66%
#363Obalie
66%
#507Ponchien
66%
#506Ponchiot
66%
#202Qulbutoké
66%
#214Scarhino
66%
#336Séviper
66%
#319Sharpedo
66%
#492Shaymin
66%
#275Tengalice
66%
#356Téraclope
66%
#374Terhal
66%
#179Wattouat
66%
#323Camérupt
65%
#444Carmache
65%
#366Coquiperl
65%
#236Debugant
65%
#309Dynavolt
65%
#310Élecsprint
65%
#655Goupelin
65%
#365Kaimorse
65%
#399Keunotor
65%
#271Lombre
65%
#170Loupio
65%
#508Mastouffe
65%
#350Milobellus
65%
#478Momartik
65%
#417Pachirisu
65%
#364Phogleur
65%
#519Poichigeon
65%
#315Rosélia
65%
#407Roserade
65%
#640Viridium
65%
#724Archéduc
64%
#194Axoloto
64%
#652Blindépique
64%
#322Chamallot
64%
#324Chartor
64%
#638Cobaltium
64%
#165Coxy
64%
#657Croâporal
64%
#226Démanta
64%
#372Drackhaus
64%
#514Flamoutan
64%
#305Galegon
64%
#306Galeking
64%
#647Keldeo
64%
#171Lanturn
64%
#473Mammochon
64%
#726Matoufeu
64%
#479Motisma
64%
#418Mustébouée
64%
#489Phione
64%
#207Scorplane
64%
#472Scorvol
64%
#338Solaroc
64%
#302Ténéfix
64%
#639Terrakium
64%
#329Vibraninf
64%
#359Absol
63%
#298Azurill
63%
#354Branette
63%
#400Castorno
63%
#430Corboss
63%
#463Coudlangue
63%
#166Coxyclaque
63%
#512Feuiloutan
63%
#516Flotoutan
63%
#218Limagma
63%
#370Lovdisc
63%
#335Mangriff
63%
#505Miradar
63%
#419Mustéflott
63%
#730Oratoria
63%
#353Polichombr
63%
#504Ratentif
63%
#406Rozbouton
63%
#367Serpang
63%
#217Ursaring
63%
#320Wailmer
63%
#321Wailord
63%
#334Altaria
62%
#415Apitrini
62%
#348Armaldo
62%
#318Carvanha
62%
#412Cheniti
62%
#521Déflaisan
62%
#410Dinoclier
62%
#587Émolga
62%
#345Lilia
62%
#438Manzaï
62%
#195Maraiste
62%
#289Monaflèmit
62%
#303Mysdibule
62%
#368Rosabyss
62%
#654Roussil
62%
#337Séléroc
62%
#299Tarinor
62%
#216Teddiursa
62%
#357Tropius
62%
#416Apireine
61%
#458Babimanta
61%
#411Bastiodon
61%
#460Blizzaroi
61%
#459Blizzi
61%
#651Boguérisse
61%
#641Boréas
61%
#190Capumain
61%
#234Cerfrousse
61%
#509Chacripan
61%
#308Charmina
61%
#413Cheniselle
61%
#293Chuchmur
61%
#610Coupenotte
61%
#645Démétéros
61%
#341Écrapince
61%
#358Éoko
61%
#642Fulguris
61%
#408Kranidos
61%
#729Otarlette
61%
#287Parecool
61%
#442Spiritomb
61%
#476Tarinorme
61%
#333Tylton
61%
#219Volcaropod
61%
#193Yanma
61%
#283Arakdo
60%
#331Cacnea
60%
#431Chaglam
60%
#409Charkos
60%
#203Girafarig
60%
#297Hariyama
60%
#192Héliatronc
60%
#307Méditikka
60%
#648Meloetta
60%
#177Natu
60%
#360Okéoké
60%
#369Relicanth
60%
#300Skitty
60%
#346Vacilys
60%
#721Volcanion
60%
#178Xatu
60%
#570Zorua
60%
#347Anorith
59%
#436Archéomire
59%
#332Cacturne
59%
#432Chaffreux
59%
#286Chapignon
59%
#520Colombeau
59%
#553Crocorible
59%
#634Diamat
59%
#723Efflèche
59%
#649Genesect
59%
#427Laporeille
59%
#414Papilord
59%
#661Passerouge
59%
#223Rémoraid
59%
#599Tic
59%
#612Tranchodon
59%
#288Vigoroth
59%
#469Yanméga
59%
#522Zébibron
59%
#437Archéodong
58%
#285Balignon
58%
#425Baudrive
58%
#534Bétochef
58%
#600Clic
58%
#342Colhomard
58%
#189Cotovol
58%
#702Dedenne
58%
#719Diancie
58%
#663Flambusard
58%
#188Floravol
58%
#187Granivol
58%
#720Hoopa
58%
#206Insolourdo
58%
#538Judokrak
58%
#510Léopardus
58%
#296Makuhita
58%
#542Manternel
58%
#284Maskadra
58%
#224Octillery
58%
#613Polarhume
58%
#204Pomdepik
58%
#294Ramboum
58%
#633Solochi
58%
#635Trioxhydre
58%
#523Zéblitz
58%
#571Zoroark
58%
#343Balbuto
57%
#295Brouhabam
57%
#424Capidextre
57%
#532Charpenti
57%
#222Corayon
57%
#789Cosmog
57%
#541Couverdure
57%
#453Cradopaud
57%
#301Delcatty
57%
#205Foretress
57%
#607Funécire
57%
#426Grodrive
57%
#539Karaclée
57%
#428Lockpin
57%
#609Lugulabre
57%
#314Lumivole
57%
#551Mascaïman
57%
#351Morphéo
57%
#292Munja
57%
#291Ninjask
57%
#533Ouvrifier
57%
#441Pijako
57%
#614Polagriffe
57%
#211Qwilfish
57%
#191Tournegrin
57%
#562Tutafeh
57%
#543Venipatte
57%
#317Avaltout
56%
#454Coatox
56%
#232Donphan
56%
#552Escroco
56%
#526Gigalithe
56%
#611Incisache
56%
#344Kaorine
56%
#352Kecleon
56%
#433Korillon
56%
#540Larveyette
56%
#434Moufouette
56%
#313Muciole
56%
#524Nodulithe
56%
#235Queulorior
56%
#422Sancoki
56%
#544Scobolide
56%
#327Spinda
56%
#325Spoink
56%
#455Vortente
56%
#662Braisillon
55%
#564Carapagos
55%
#601Cliticlic
55%
#790Cosmovum
55%
#537Crapustule
55%
#401Crikzik
55%
#456Écayon
55%
#632Fermite
55%
#525Géolithe
55%
#316Gloupti
55%
#623Golemastoc
55%
#597Grindur
55%
#449Hippopotas
55%
#457Luminéon
55%
#402Mélokrik
55%
#530Minotaupe
55%
#435Moufflair
55%
#517Munna
55%
#518Mushana
55%
#531Nanméouïe
55%
#231Phanpy
55%
#637Pyrax
55%
#529Rototaupe
55%
#423Tritosor
55%
#563Tutankafer
55%
#585Vivaldaim
55%
#631Aflamanoir
54%
#602Anchwatt
54%
#340Barbicha
54%
#339Barloche
54%
#536Batracné
54%
#545Brutapode
54%
#225Cadoizo
54%
#213Caratroc
54%
#420Ceribou
54%
#527Chovsourir
54%
#555Darumacho
54%
#546Doudouvet
54%
#626Frison
54%
#210Granbull
54%
#326Groret
54%
#615Hexagel
54%
#450Hippodocus
54%
#617Limaspeed
54%
#618Limonde
54%
#778Mimiqui
54%
#800Necrozma
54%
#290Ningale
54%
#598Noacier
54%
#666Prismillon
54%
#582Sorbébé
54%
#584Sorbouboul
54%
#583Sorboul
54%
#595Statitik
54%
#788Tokopisco
54%
#535Tritonde
54%
#698Amagara
53%
#566Arkéapti
53%
#701Brutalibré
53%
#421Ceriflor
53%
#616Escargaume
53%
#547Farfaduvet
53%
#669Flabébé
53%
#627Furaiglon
53%
#622Gringolem
53%
#628Gueriaigle
53%
#667Hélionceau
53%
#565Mégapagos
53%
#578Méios
53%
#575Mesmérella
53%
#604Ohmassacre
53%
#696Ptyranidur
53%
#636Pyronille
53%
#451Rapion
53%
#697Rexillius
53%
#659Sapereau
53%
#624Scalpion
53%
#625Scalproie
53%
#209Snubbull
53%
#785Tokorico
53%
#786Tokotoro
53%
#707Trousselin
53%
#630Vaututrice
53%
#629Vostourno
53%
#580Couaneton
52%
#554Darumarond
52%
#699Dragmara
52%
#621Drakkarmin
52%
#452Drascore
52%
#681Exagide
52%
#671Florges
52%
#586Haydaim
52%
#603Lampéroie
52%
#745Lougaroc
52%
#704Mucuscule
52%
#706Muplodocus
52%
#596Mygavolt
52%
#668Némélios
52%
#577Nucléos
52%
#528Rhinolove
52%
#744Rocabot
52%
#576Sidérella
52%
#567Aéroptéryx
51%
#797Bamboiselle
51%
#660Excavarenne
51%
#670Floette
51%
#712Grelaçon
51%
#589Lançargot
51%
#556Maracachi
51%
#608Mélancolux
51%
#569Miasmax
51%
#679Monorpale
51%
#794Mouscoto
51%
#574Scrutella
51%
#713Séracrawl
51%
#684Sucroquin
51%
#787Tokopiyon
51%
#550Bargantua
50%
#795Cancrelove
50%
#572Chinchidou
50%
#784Ékaïser
50%
#581Lakmécygne
50%
#594Mamanbo
50%
#568Miamiasme
50%
#593Moyade
50%
#731Picassaut
50%
#714Sonistrelle
50%
#579Symbios
50%
#777Togedemaru
50%
#592Viskuse
50%
#733Bazoucan
49%
#708Brocélôme
49%
#715Bruyverne
49%
#588Carabing
49%
#705Colimucus
49%
#676Couafarel
49%
#561Cryptéro
49%
#680Dimoclès
49%
#549Fragilady
49%
#664Lépidonille
49%
#675Pandarbare
49%
#674Pandespiègle
49%
#793Zéroïd
49%
#782Bébécaille
48%
#548Chlorobule
48%
#557Crabicoque
48%
#709Desséliande
48%
#573Pashmilla
48%
#703Strassie
48%
#807Zeraora
48%
#560Baggaïd
47%
#796Câblifère
47%
#760Chelours
47%
#558Crabaraque
47%
#685Cupcanaille
47%
#682Fluvetin
47%
#695Iguolta
47%
#619Kungfouine
47%
#801Magearna
47%
#759Nounourson
47%
#665Pérégrain
47%
#620Shaofouine
47%
#805Ama-Ama
46%
#559Baggiguane
46%
#711Banshitrouye
46%
#673Chevroum
46%
#799Engloutyran
46%
#591Gaulet
46%
#798Katagami
46%
#605Lewsor
46%
#738Lucanon
46%
#763Sucreine
46%
#749Tiboudet
46%
#590Trompignon
46%
#672Cabriolaine
45%
#737Chrysapile
45%
#739Crabagarre
45%
#783Écaïd
45%
#692Flingouste
45%
#746Froussardine
45%
#694Galvaran
45%
#693Gamblast
45%
#691Kravarech
45%
#758Malamandre
45%
#734Manglouton
45%
#606Neitram
45%
#710Pitrouille
45%
#772Type:0
45%
#735Argouste
44%
#683Cocotine
44%
#761Croquine
44%
#688Opermine
44%
#806Pierroteknik
44%
#757Tritox
44%
#690Venalgue
44%
#750Bourrinos
43%
#689Golgopathe
43%
#736Larvibule
43%
#802Marshadow
43%
#732Piclairon
43%
#768Sarmuraï
43%
#767Sovkipou
43%
#803Vémini
43%
#751Araqua
42%
#753Mimantis
42%
#748Prédastérie
42%
#677Psystigri
42%
#686Sepiatop
42%
#687Sepiatroce
42%
#769Bacabouh
41%
#776Boumata
41%
#762Candine
41%
#780Draïeul
41%
#754Floramantis
41%
#741Plumeline
41%
#747Vorastérie
41%
#779Denticrisse
40%
#764Guérilande
40%
#773Silvallié
40%
#752Tarenbulle
40%
#740Crabominable
39%
#765Gouroutan
39%
#774Météno
39%
#678Mistigrix
39%
#804Mandrillon
38%
#743Rubombelle
38%
#755Spododo
38%
#770Trépassable
38%
#742Bombydou
37%
#766Quartermac
37%
#781Sinistrail
36%
#771Concombaffe
35%
#775Dodoala
34%
#756Lampignon
34%

Distribution des résultats

Percentile par nombre de réponses

% des personnes avec chaque résultat

Votre développement - résultats

Vous n’avez pas pris ce quiz